[Event "Bundesliga 2223"]
[Site "Germany"]
[Date "2023.04.30"]
[Round "15.8"]
[White "Genov, Petar"]
[Black "Farokhi, Keyvan"]
[Result "1/2-1/2"]
[WhiteElo "2415"]
[BlackElo "2212"]
[PlyCount "176"]
[EventDate "2022.10.21"]
[EventType "team-tourn"]
[EventRounds "15"]
[EventCountry "GER"]
[SourceTitle "CBM 213 Extra"]
[Source "ChessBase"]
[SourceDate "2023.05.31"]
[SourceVersion "1"]
[SourceVersionDate "2023.05.31"]
[SourceQuality "1"]
[WhiteTeam "Kirchweyhe"]
[BlackTeam "Kiel Turm"]
[WhiteTeamCountry "GER"]
[BlackTeamCountry "GER"]

1. Nf3 Nf6 2. c4 g6 3. b3 Bg7 4. Bb2 0-0 5. g3 d6 6. Bg2 e5 7. 0-0 c6 8. d3 a5 9. Nc3 Re8 10. Rc1 d5 11. cxd5 cxd5 12. Nb5 Nc6 13. d4 e4 14. Ne5 Qb6 15. Nd6 Rf8 16. Qc2 Be6 17. Nxc6 bxc6 18. Qxc6 Ra6 19. Qxb6 Rxb6 20. Ba3 Rd8 21. Bc5 Rbxd6 22. Bxd6 Rxd6 23. e3 Bf8 24. Rc7 Ra6 25. Rfc1 a4 26. Bf1 Ra8 27. bxa4 Rxa4 28. R1c2 Ba3 29. Kg2 Ra5 30. R7c6 Ne8 31. Ra6 Rxa6 32. Bxa6 Nd6 33. Rc3 Bb4 34. Rb3 Ba5 35. Rb8+ Kg7 36. Ra8 Kf6 37. Be2 Bd2 38. h3 Ke7 39. g4 h6 40. Kg3 Nc4 41. h4 Be1 42. Kg2 f5 43. Ra7+ Kf6 44. Ra6 Ke7 45. h5 gxh5 46. gxf5 Bxf5 47. Rxh6 Bg4 48. Bxg4 hxg4 49. Rh1 Bd2 50. Rb1 Kd6 51. Kg3 Kc6 52. Kxg4 Kd6 53. Kf4 Kc6 54. Kf5 Nd6+ 55. Ke6 Nc4 56. a4 Nd6 57. Rh1 Nc4 58. Rd1 Ba5 59. Rb1 Nd6 60. Rg1 Nc4 61. Rc1 Bd2 62. Rb1 Nd6 63. Ke5 Nc4+ 64. Kf4 Nb6 65. Ra1 Bc3 66. Ra2 Nc4 67. Rc2 Be1 68. Kg3 Kb6 69. Re2 Bb4 70. Kf4 Kc6 71. f3 exf3 72. Kxf3 Kb6 73. Ra2 Ka5 74. Ke2 Na3 75. Kd3 Kxa4 76. Rh2 Kb5 77. e4 dxe4+ 78. Kxe4 Kc6 79. Rh6+ Bd6 80. d5+ Kd7 81. Rh7+ Be7 82. Kd4 Nb5+ 83. Ke5 Nd6 84. Rh1 Nc4+ 85. Kd4 Nd6 86. Rh7 Nf5+ 87. Ke5 Nd6 88. Rh2 Nc4+ 1/2-1/2

[Event "Basel Easter op"]
[Site "Basel"]
[Date "2023.04.09"]
[Round "7"]
[White "Postlmayer, Jakob"]
[Black "Farokhi, Keyvan"]
[Result "1-0"]
[WhiteElo "2341"]
[BlackElo "2256"]
[PlyCount "137"]
[EventDate "2023.04.06"]
[EventType "swiss"]
[EventRounds "9"]
[EventCountry "SUI"]
[SourceTitle "EXT 2024"]
[Source "ChessBase"]
[SourceDate "2023.10.10"]
[SourceVersion "1"]
[SourceVersionDate "2023.10.10"]
[SourceQuality "1"]

1. d4 Nf6 2. c4 e6 3. Nf3 d5 4. Nc3 Bb4 5. Qa4+ Nc6 6. e3 0-0 7. Bd2 Re8 8. Qc2 e5 9. dxe5 Nxe5 10. Nxd5 Bxd2+ 11. Qxd2 Nxf3+ 12. gxf3 c6 13. Nc3 Qxd2+ 14. Kxd2 Be6 15. Rd1 Rad8+ 16. Kc1 Kf8 17. Be2 Ke7 18. b3 Rxd1+ 19. Rxd1 g5 20. Rg1 h6 21. Bd1 Nd7 22. Be2 a6 23. Kb2 b5 24. cxb5 cxb5 25. Rd1 Nb6 26. Ne4 Nd7 27. Rd4 Rb8 28. Ng3 Ne5 29. Re4 Nc6 30. Nf5+ Kf6 31. Nd4 Rd8 32. Kc1 Nb4 33. a3 Nd5 34. Nxe6 fxe6 35. Rd4 Ke5 36. Kd2 Rf8 37. h4 Rb8 38. hxg5 hxg5 39. Rg4 Kf6 40. Rd4 Rh8 41. Bd3 Rh1 42. Be4 Ra1 43. Bxd5 exd5 44. a4 Ra2+ 45. Ke1 Ra1+ 46. Ke2 Ra2+ 47. Kf1 Ke6 48. axb5 axb5 49. Rb4 Ra5 50. Kg2 Kd6 51. Rd4 Kc6 52. Kg3 Ra2 53. b4 Rb2 54. e4 dxe4 55. fxe4 g4 56. Kxg4 Rxf2 57. e5 Rf8 58. Kg5 Rf2 59. Kg6 Rf1 60. e6 Rg1+ 61. Kf7 Rf1+ 62. Ke8 Kc7 63. Rd7+ Kc6 64. e7 Ra1 65. Rd4 Kc7 66. Rf4 Rh1 67. Kf8 Rh8+ 68. Kg7 Re8 69. Kf7 1-0

[Event "Wch U16"]
[Site "Mamaia"]
[Date "2022.09.12"]
[Round "7"]
[White "Farokhi, Keyvan"]
[Black "Zlatkov, Anton"]
[Result "1-0"]
[WhiteElo "2292"]
[BlackElo "2165"]
[PlyCount "55"]
[EventDate "2022.09.06"]
[EventType "swiss"]
[EventRounds "11"]
[EventCountry "ROU"]
[SourceTitle "CBM 210 Extra"]
[Source "ChessBase"]
[SourceDate "2022.11.30"]
[SourceVersion "1"]
[SourceVersionDate "2022.11.30"]
[SourceQuality "1"]

1. e4 c5 2. Nf3 d6 3. d4 cxd4 4. Nxd4 Nf6 5. Nc3 Nc6 6. Bg5 e6 7. Qd3 a6 8. Nxc6 bxc6 9. 0-0-0 Qa5 10. Qg3 Bb7 11. Bc4 0-0-0 12. Bb3 h6 13. Bd2 Qc7 14. Rhe1 d5 15. Bf4 Qa5 16. Be5 Nd7 17. exd5 Nxe5 18. dxe6 Rxd1+ 19. Rxd1 g5 20. Rd5 cxd5 21. Qxe5 Qd8 22. Qxh8 fxe6 23. Ne2 Qe7 24. Nd4 Kd7 25. Qe5 Qd6 26. Ba4+ Kc7 27. Nxe6+ Kb8 28. Nxf8 1-0

[Event "GER-ch 93rd"]
[Site "Magdeburg"]
[Date "2022.08.16"]
[Round "4"]
[White "Farokhi, Keyvan"]
[Black "Cofman, Veaceslav"]
[Result "1-0"]
[WhiteElo "2313"]
[BlackElo "2287"]
[PlyCount "55"]
[EventDate "2022.08.14"]
[EventType "swiss"]
[EventRounds "9"]
[EventCountry "GER"]
[SourceTitle "CBM 209 Extra"]
[Source "ChessBase"]
[SourceDate "2022.09.30"]
[SourceVersion "1"]
[SourceVersionDate "2022.09.30"]
[SourceQuality "1"]

1. d4 Nf6 2. c4 c5 3. d5 b5 4. cxb5 a6 5. bxa6 Bxa6 6. Nc3 d6 7. e4 Bxf1 8. Kxf1 g6 9. Nf3 Nbd7 10. g3 Bg7 11. Kg2 0-0 12. a4 Qb6 13. Ra3 Rfb8 14. Nd2 Qa6 15. Nb5 Qc8 16. b3 Ne8 17. Nc4 Nc7 18. Nxc7 Qxc7 19. Qc2 Nb6 20. Bd2 Nxc4 21. Qxc4 Qb7 22. Rb1 Qd7 23. b4 Rxa4 24. bxc5 Raa8 25. c6 Qe8 26. c7 Rc8 27. Rxa8 Rxa8 28. Qc6 1-0

[Event "Dortmund Sparkassen op 49th"]
[Site "Dortmund"]
[Date "2022.07.18"]
[Round "3"]
[White "Farokhi, Keyvan"]
[Black "Warmerdam, Max"]
[Result "0-1"]
[WhiteElo "2332"]
[BlackElo "2610"]
[PlyCount "92"]
[EventDate "2022.07.16"]
[EventType "swiss"]
[EventRounds "9"]
[EventCountry "GER"]
[SourceTitle "CBM 209 Extra"]
[Source "ChessBase"]
[SourceDate "2022.09.30"]
[SourceVersion "1"]
[SourceVersionDate "2022.09.30"]
[SourceQuality "1"]

1. e4 c5 2. Nf3 d6 3. d4 cxd4 4. Nxd4 Nf6 5. Nc3 Nc6 6. Bg5 e6 7. Qd2 a6 8. 0-0-0 Bd7 9. f4 Be7 10. Nf3 b5 11. Bxf6 gxf6 12. f5 Qa5 13. Kb1 Rc8 14. g3 b4 15. Ne2 e5 16. g4 h5 17. g5 fxg5 18. h4 g4 19. Ng5 Qc5 20. Nc1 Nd4 21. Nb3 Qxc2+ 22. Qxc2 Nxc2 23. Bxa6 Ra8 24. Bb7 Ra7 25. Nxf7 Kxf7 26. Bd5+ Kg7 27. Kxc2 Rc8+ 28. Kb1 Bb5 29. Na1 Be2 30. Rd2 Bf3 31. Rg1 Bxh4 32. Rh2 Bg5 33. Rxh5 Be3 34. Re1 Bd2 35. Rg1 Be3 36. Re1 Bd2 37. Rg1 Rac7 38. Nb3 Bf4 39. Be6 Bxe4+ 40. Ka1 g3 41. Bxc8 Rxc8 42. Rh4 d5 43. Nd4 Kf6 44. Ne2 g2 45. Nxf4 exf4 46. Rxf4 Rh8 0-1

[Event "Kiel Doppelbauer GM 2nd"]
[Site "Kiel"]
[Date "2022.06.30"]
[Round "3"]
[White "Teclaf, Pawel"]
[Black "Farokhi, Keyvan"]
[Result "1-0"]
[WhiteElo "2548"]
[BlackElo "2332"]
[PlyCount "111"]
[EventDate "2022.06.29"]
[EventType "tourn"]
[EventRounds "9"]
[EventCountry "GER"]
[EventCategory "10"]
[SourceTitle "CBM 209 Extra"]
[Source "ChessBase"]
[SourceDate "2022.09.30"]
[SourceVersion "1"]
[SourceVersionDate "2022.09.30"]
[SourceQuality "1"]

1. Nf3 d5 2. e3 Nf6 3. c4 e6 4. b3 b6 5. Bb2 Bb7 6. cxd5 exd5 7. Nc3 Nbd7 8. Rc1 a6 9. d4 Bd6 10. g3 0-0 11. Bg2 Ne4 12. 0-0 f5 13. Ne2 Qe7 14. Nf4 a5 15. Qc2 a4 16. bxa4 c5 17. dxc5 bxc5 18. Qb3 Ndf6 19. Nh4 Bxf4 20. exf4 Qd7 21. Bxf6 c4 22. Qb2 Rxf6 23. Rfd1 Qc6 24. Bxe4 dxe4 25. Qb5 Rxa4 26. Rd8+ Rf8 27. Rxf8+ Kxf8 28. Qxc6 Bxc6 29. Nxf5 Rxa2 30. Ne3 Bb5 31. Nxc4 Bxc4 32. Rxc4 Ra1+ 33. Kg2 Re1 34. Rc3 Ra1 35. Rc5 Re1 36. Re5 Kf7 37. h4 g6 38. h5 gxh5 39. Rxh5 Kg6 40. Rg5+ Kf6 41. Re5 h6 42. g4 Kf7 43. f5 Kf6 44. Re6+ Kg7 45. Re7+ Kg8 46. f6 Re2 47. Rg7+ Kf8 48. Kf1 Ra2 49. Rh7 Ra3 50. Ke2 Rh3 51. g5 Rf3 52. Rxh6 Rf5 53. Rg6 Rf3 54. Rg7 Ra3 55. Rb7 Rf3 56. g6 1-0

[Event "GER-ch U16"]
[Site "Willingen"]
[Date "2022.06.11"]
[Round "9"]
[White "Petrovskiy, Vadim"]
[Black "Farokhi, Keyvan"]
[Result "1/2-1/2"]
[WhiteElo "2330"]
[BlackElo "2360"]
[PlyCount "66"]
[EventDate "2022.06.04"]
[EventType "swiss"]
[EventRounds "9"]
[EventCountry "GER"]
[SourceTitle "CBM 208 Extra"]
[Source "ChessBase"]
[SourceDate "2022.07.31"]
[SourceVersion "1"]
[SourceVersionDate "2022.07.31"]
[SourceQuality "1"]

1. e4 c5 2. Nf3 d6 3. d4 cxd4 4. Nxd4 Nf6 5. Nc3 a6 6. Be2 e5 7. Nb3 Be6 8. 0-0 Be7 9. Re1 0-0 10. Bf3 Nbd7 11. a4 Qc7 12. a5 b5 13. axb6 Nxb6 14. Na5 Rfd8 15. Nd5 Nfxd5 16. exd5 Bd7 17. Be3 f5 18. c4 e4 19. Be2 Bf6 20. c5 dxc5 21. d6 Qb8 22. Bxc5 Kh8 23. Ra3 Rc8 24. b4 Be6 25. g4 Nd7 26. gxf5 Bg8 27. Bd4 Qxb4 28. Ra4 Qxd6 29. Bxf6 Qxd1 30. Bxg7+ Kxg7 31. Rxd1 Nf6 32. Bc4 Rc5 33. Be6 Bxe6 1/2-1/2

[Event "GER-chT Lands U20"]
[Site "Neumuenster"]
[Date "2021.10.05"]
[Round "6.4"]
[White "Stelmaszyk, Nico"]
[Black "Farokhi, Keyvan"]
[Result "1-0"]
[WhiteElo "2311"]
[BlackElo "2238"]
[PlyCount "55"]
[EventDate "2021.10.01"]
[EventType "team-swiss"]
[EventRounds "7"]
[EventCountry "GER"]
[SourceTitle "CBM 204 Extra"]
[Source "ChessBase"]
[SourceDate "2021.11.30"]
[SourceVersion "1"]
[SourceVersionDate "2021.11.30"]
[SourceQuality "1"]
[WhiteTeam "Niedersachsen"]
[BlackTeam "Schleswig Holstein"]
[WhiteTeamCountry "GER"]
[BlackTeamCountry "GER"]

1. e4 c5 2. c3 d5 3. exd5 Qxd5 4. d4 Nf6 5. Nf3 e6 6. Na3 Nc6 7. Be3 cxd4 8. Nb5 Qd8 9. Nbxd4 Nxd4 10. Bxd4 Be7 11. Bd3 0-0 12. Qc2 h6 13. 0-0-0 Qa5 14. Kb1 e5 15. Nxe5 Be6 16. Bc4 Nd5 17. Rhe1 Rac8 18. Bb3 Rfd8 19. Ka1 Qa6 20. Qd3 b5 21. Qf3 b4 22. Nxf7 Nxc3 23. Rxe6 Nxd1 24. Nxh6+ Kh8 25. Bxg7+ Kxg7 26. Qg4+ Kh7 27. Qg6+ Kh8 28. Nf7# 1-0

[Event "GER-chT Lands U20"]
[Site "Neumuenster"]
[Date "2021.10.02"]
[Round "1.1"]
[White "Farokhi, Keyvan"]
[Black "Costa, Leonardo"]
[Result "0-1"]
[WhiteElo "2238"]
[BlackElo "2336"]
[PlyCount "96"]
[EventDate "2021.10.01"]
[EventType "team-swiss"]
[EventRounds "7"]
[EventCountry "GER"]
[SourceTitle "CBM 204 Extra"]
[Source "ChessBase"]
[SourceDate "2021.11.30"]
[SourceVersion "1"]
[SourceVersionDate "2021.11.30"]
[SourceQuality "1"]
[WhiteTeam "Schleswig Holstein"]
[BlackTeam "Bayern"]
[WhiteTeamCountry "GER"]
[BlackTeamCountry "GER"]

1. d4 d5 2. c4 e6 3. Nf3 Nf6 4. g3 Be7 5. Bg2 0-0 6. 0-0 dxc4 7. Qc2 a6 8. a4 Bd7 9. Ne5 Bc6 10. Nxc6 Nxc6 11. e3 Na5 12. Nd2 c5 13. dxc5 Rc8 14. b4 cxb3 15. Nxb3 Nxb3 16. Qxb3 Bxc5 17. Qxb7 a5 18. Ba3 Bxa3 19. Rxa3 Qd2 20. Raa1 Rc2 21. Rad1 Qc3 22. Qb5 g6 23. Rd3 Qc7 24. Rfd1 Kg7 25. e4 Rb8 26. Qg5 h6 27. Qe3 Ng4 28. Qd4+ e5 29. Qd7 Qxd7 30. Rxd7 Rbb2 31. Rf1 Ne3 32. Re1 Nxg2 33. Kxg2 Rxf2+ 34. Kg1 Rg2+ 35. Kh1 Rxh2+ 36. Kg1 Rbg2+ 37. Kf1 Rf2+ 38. Kg1 Rhg2+ 39. Kh1 Rxg3 40. Rd5 Rf4 41. Kh2 Rg5 42. Re3 Rh4+ 43. Rh3 Rxe4 44. Rxa5 Re2+ 45. Kh1 Re1+ 46. Kh2 Reg1 47. Re3 R5g2+ 48. Kh3 g5 0-1

[Event "GER-chT Lands U20"]
[Site "Neumuenster"]
[Date "2021.10.02"]
[Round "2.4"]
[White "Farokhi, Keyvan"]
[Black "Krastev, Alexander"]
[Result "0-1"]
[WhiteElo "2238"]
[BlackElo "2393"]
[PlyCount "66"]
[EventDate "2021.10.01"]
[EventType "team-swiss"]
[EventRounds "7"]
[EventCountry "GER"]
[SourceTitle "CBM 204 Extra"]
[Source "ChessBase"]
[SourceDate "2021.11.30"]
[SourceVersion "1"]
[SourceVersionDate "2021.11.30"]
[SourceQuality "1"]
[WhiteTeam "Schleswig Holstein"]
[BlackTeam "Nordrhein Westfalen"]
[WhiteTeamCountry "GER"]
[BlackTeamCountry "GER"]

1. e4 c5 2. Nf3 d6 3. c3 Nf6 4. Bd3 g6 5. 0-0 Bg7 6. h3 0-0 7. Bc2 Nc6 8. d4 cxd4 9. cxd4 Nb4 10. Bb3 d5 11. e5 Ne4 12. Nc3 b6 13. Re1 Nxc3 14. bxc3 Nc6 15. Ba3 Na5 16. Bb4 Nxb3 17. axb3 a5 18. Ba3 Ba6 19. e6 f6 20. c4 Re8 21. c5 Bc8 22. Rc1 b5 23. b4 Qc7 24. c6 Ra6 25. Qc2 Bh6 26. Nd2 a4 27. Re2 Rd8 28. Qc5 Rb6 29. Rc2 Rd6 30. Nb1 Rdxc6 31. Qxd5 Rxc2 32. Rxc2 Qxc2 33. Qd8+ Bf8 0-1